Voda pre tretie tisícročie. 2

Koncepcia vodohospodárskej politiky SR. Analýza súčasného stavu vodného hospodárstva. Ministerstvo životného prostredia SR navrhuje overiť závery dokumentu. Voda pre tretie tisícročie.

Uložené v:
Podrobná bibliografia
Médium: Kapitola
Jazyk:Slovak
Predmet:
Tagy: Pridať tag
Žiadne tagy, Buďte prvý, kto otaguje tento záznam!

MARC

LEADER 00000naa a2200000 4500
001 r020182
005 20221213101212.1
041 0 |a slo 
044 |a SK 
245 1 0 |a Voda pre tretie tisícročie. 2 
520 |a Koncepcia vodohospodárskej politiky SR. Analýza súčasného stavu vodného hospodárstva. Ministerstvo životného prostredia SR navrhuje overiť závery dokumentu. Voda pre tretie tisícročie. 
610 2 0 |a vodohospodárstvo 
610 2 0 |a Slovensko 
610 2 0 |a prostredie životné 
610 2 0 |a koncepcie 
610 2 0 |a voda